LEADER 01534nam0 22003131i 450 001 UON00479601 005 20231205105242.890 010 $a978-05-218-6591-3 100 $a20170725d2014 |0itac50 ba 101 $aeng 102 $aUS 105 $a|||| ||||| 200 1 $aCambridge history of painting in the classical world$fedited by J. J. Pollitt 210 $aNew York$cCambridge University Press$d2014 215 $axxii, 477 p., [112] p. di tav.$cill.$d29 cm.$e1 CD-ROM 606 $aPITTURA ROMANA$3UONC033499$2FI 606 $aPITTURA GRECA$3UONC058599$2FI 606 $aPITTURA$xMondo classico$xStoria$3UONC092377$2FI 620 $aUS$dNew York$3UONL000050 676 $a759.01$cPITTURA ANTICA FINO AL 499$v21 702 1$aPOLLITT$bJerome Jordan$3UONV060959 712 $aCambridge University Press$3UONV245943$4650 801 $aIT$bSOL$c20240220$gRICA 912 $aUON00479601 950 $aSIBA - SISTEMA BIBLIOTECARIO DI ATENEO$dSI K 483 $eSI 23583 7 $sTesto d'esame 950 $aSIBA - SISTEMA BIBLIOTECARIO DI ATENEO$dSI K 483 CD UFF. BIBL. $eSI 23584 7 UFF. BIBL. 951 $aSIBA - SISTEMA BIBLIOTECARIO DI ATENEO$bSI2017533 1J 20170725 996 $aCambridge history of painting in the classical world$91739828 997 $aUNIOR